[Event "World Blitz 2015"]
[Site "Berlin GER"]
[Date "2015.10.13"]
[Round "2.75"]
[White "Fridman, Daniel"]
[Black "Ernst, Sipke"]
[Result "1-0"]
[WhiteTitle "GM"]
[BlackTitle "GM"]
[WhiteElo "2649"]
[BlackElo "2527"]
[WhiteFideId "11600454"]
[BlackFideId "1004689"]
[EventDate "2015.10.13"]

1. d4 d5 2. c4 c6 3. Nf3 Nf6 4. e3 Bg4 5. h3 Bh5 6. g4 Bg6 7. Ne5 e6 8. Nxg6
hxg6 9. Bg2 Bb4+ 10. Bd2 Bxd2+ 11. Nxd2 Nbd7 12. g5 Ng8 13. h4 Ne7 14. Qg4 Qa5
15. a3 Nf5 16. O-O-O Qa4 17. cxd5 cxd5 18. Kb1 Ne5 19. Qe2 Nc6 20. h5 gxh5 21.
Rxh5 Rxh5 22. Qxh5 Ke7 23. Rc1 Rc8 24. g6 f6 25. Bh3 Nh6 26. Qe2 f5 27. Qh5 Qa5
28. Nb3 Qb5 29. Qh4+ Kf8 30. Nc5 Kg8 31. Bf1 Qb6 32. Nxe6 Re8 33. Nf4 Ne7 34.
Qxe7 Rxe7 35. Rc8+ 1-0

[Event "World Blitz 2015"]
[Site "Berlin GER"]
[Date "2015.10.13"]
[Round "2.77"]
[White "Borisek, Jure"]
[Black "Teske, Henrik"]
[Result "1-0"]
[WhiteTitle "GM"]
[BlackTitle "GM"]
[WhiteElo "2565"]
[BlackElo "2475"]
[WhiteFideId "14603152"]
[BlackFideId "4611500"]
[EventDate "2015.10.13"]

1. e4 Nc6 2. Nf3 e6 3. d4 d5 4. Nbd2 Nh6 5. c3 Be7 6. Bd3 O-O 7. O-O a5 8. a4 b6
9. Re1 Ba6 10. Bc2 Rc8 11. Nf1 dxe4 12. Bxe4 Qd6 13. Bxh6 gxh6 14. Ng3 Kh8 15.
Qc1 f5 16. Bxc6 Qxc6 17. Qxh6 Rf6 18. Qe3 Bb7 19. Nh5 Rg6 20. Nf4 Rcg8 21. d5
Rxg2+ 22. Kh1 Qd6 23. c4 R2g7 24. Rad1 exd5 25. cxd5 Bf6 26. Qe6 Qxe6 27. Rxe6
Bxb2 28. Nh5 Rf7 29. Ne5 Bxe5 30. Rxe5 Rd8 31. Nf4 Rf6 32. Kg1 c6 33. Re7 Ba8
34. d6 c5 35. d7 Rff8 36. Ne6 Rg8+ 37. Kf1 Bf3 38. Nxd8 Bxd1 39. Nf7+ Kg7 40.
Re8 Bxa4 41. Rxg8+ 1-0

[Event "World Blitz 2015"]
[Site "Berlin GER"]
[Date "2015.10.13"]
[Round "2.78"]
[White "Polzin, Rainer"]
[Black "Halkias, Stelios"]
[Result "1-0"]
[WhiteTitle "GM"]
[BlackTitle "GM"]
[WhiteElo "2416"]
[BlackElo "2534"]
[WhiteFideId "4610741"]
[BlackFideId "4201809"]
[EventDate "2015.10.13"]

1. e4 e5 2. Nf3 Nc6 3. Bb5 a6 4. Ba4 d6 5. h3 Bd7 6. O-O g6 7. Nc3 Bg7 8. d3
Nge7 9. Nd5 O-O 10. c3 Nxd5 11. exd5 Ne7 12. Bb3 h6 13. Nh2 Kh7 14. f4 f5 15.
Nf3 exf4 16. Bxf4 Ng8 17. Qd2 Nf6 18. Nd4 Nh5 19. Ne6 Bxe6 20. dxe6 Nxf4 21.
Qxf4 Be5 22. Qf3 Qg5 23. d4 Bg3 24. Qxb7 d5 25. Qxd5 Bd6 26. Qf3 Rae8 27. Rae1
Re7 28. c4 c5 29. d5 Qf6 30. Qc3 Qh4 31. Re2 h5 32. Bc2 Kg8 33. a3 Rb8 34. Rb1
Qf4 35. g3 Qg5 36. Qe3 f4 37. Qe4 Rg7 38. Rg2 fxg3 39. b3 Rf8 40. Bd3 Rf4 41.
Qe2 Re7 42. Rf1 Re8 43. Rxf4 Bxf4 44. Kh1 Bd6 45. Rg1 Rf8 46. Rf1 Rf4 47. Rxf4
Qxf4 48. Kg2 g5 49. Be4 g4 50. hxg4 hxg4 51. Bb1 Kf8 52. Be4 Ke7 53. Bc2 Be5 54.
b4 Bd6 55. b5 axb5 56. cxb5 c4 57. b6 Qd4 58. b7 Qb6 59. a4 Qxb7 60. Qe4 Qb4 61.
Qh7+ Kf6 62. Qf7+ Ke5 63. Qf5+ Kd4 64. Qe4+ Kc5 65. Qe2 Kb6 66. Bf5 c3 67. Bc2
Kc7 68. Qe3 Bc5 69. Qxg3+ Kb7 70. Qd3 Qf4 71. Qb5+ Bb6 72. Qc6+ Ka7 73. Qd7+ Kb8
74. Qe8+ Ka7 75. Qd7+ Kb8 76. Qe8+ Ka7 77. Qf7+ 1-0

[Event "World Blitz 2015"]
[Site "Berlin GER"]
[Date "2015.10.13"]
[Round "2.79"]
[White "Ladva, Ottomar"]
[Black "Huzman, Alexander"]
[Result "0-1"]
[WhiteTitle "IM"]
[BlackTitle "GM"]
[WhiteElo "2423"]
[BlackElo "2580"]
[WhiteFideId "4500024"]
[BlackFideId "2803828"]
[EventDate "2015.10.13"]

1. d4 Nf6 2. c4 e6 3. Nc3 d5 4. cxd5 exd5 5. Bg5 c6 6. e3 Bf5 7. Qf3 Bg6 8. Bxf6
Qxf6 9. Qxf6 gxf6 10. Nge2 Nd7 11. Nf4 Bd6 12. f3 h5 13. h4 O-O-O 14. g3 Kb8 15.
Kf2 Nb6 16. Be2 Nc8 17. a3 Bxf4 18. gxf4 Nd6 19. Na4 Rde8 20. Rac1 Re7 21. Rc3
Rhe8 22. Nc5 Nf5 23. b4 Nxe3 24. b5 Ng4+ 25. fxg4 Rxe2+ 26. Kf3 hxg4+ 27. Kxg4
Rg8 28. f5 Bxf5+ 29. Kf3 Rgg2 30. bxc6 Bg4+ 31. Kf4 Ref2+ 0-1

[Event "World Blitz 2015"]
[Site "Berlin GER"]
[Date "2015.10.13"]
[Round "2.80"]
[White "Rasmussen, Allan Stig"]
[Black "Wagner, Dennis"]
[Result "0-1"]
[WhiteTitle "GM"]
[BlackTitle "GM"]
[WhiteElo "2498"]
[BlackElo "2575"]
[WhiteFideId "1406000"]
[BlackFideId "24650684"]
[EventDate "2015.10.13"]

1. e4 e5 2. Nf3 Nc6 3. d4 exd4 4. Nxd4 Nf6 5. Nc3 Bc5 6. Nb3 Bb6 7. Bg5 h6 8.
Bh4 d6 9. Bd3 Be6 10. Qd2 g5 11. Bg3 Qe7 12. h4 g4 13. h5 O-O-O 14. O-O-O d5 15.
exd5 Nxd5 16. Nxd5 Rxd5 17. Bh4 Qd7 18. Bf6 Re8 19. Qxh6 Nb4 20. Be2 Nxa2+ 21.
Kb1 Nb4 22. Qf4 Qa4 23. Rxd5 Bxd5 24. Qxg4+ Kb8 25. Bd1 Bxf2 26. Bd4 Bxb3 27.
cxb3 Qa2+ 28. Kc1 Qa1+ 29. Kd2 Rd8 30. Ke2 Bxd4 31. h6 Qxb2+ 0-1

[Event "World Blitz 2015"]
[Site "Berlin GER"]
[Date "2015.10.13"]
[Round "2.81"]
[White "Pham, Le Thao Nguyen"]
[Black "Agdestein, Simen"]
[Result "0-1"]
[WhiteTitle "IM"]
[BlackTitle "GM"]
[WhiteElo "2319"]
[BlackElo "2606"]
[WhiteFideId "12401226"]
[BlackFideId "1500015"]
[EventDate "2015.10.13"]

1. d4 f5 2. Nf3 Nf6 3. g3 e6 4. Bg2 d5 5. O-O Bd6 6. c4 c6 7. b3 Qe7 8. Bb2 b6
9. Nbd2 Bb7 10. Ne5 O-O 11. Rc1 a5 12. Nd3 Na6 13. Nf3 Nb4 14. a4 Ne4 15. Nfe5
c5 16. f3 Nf6 17. Nxb4 axb4 18. e3 Rad8 19. Qe2 Bxe5 20. dxe5 Ne8 21. f4 Nc7 22.
Rfd1 Ba6 23. Qc2 dxc4 24. bxc4 Rxd1+ 25. Rxd1 Rd8 26. Bf1 Bb7 27. Rd3 Be4 28.
Rxd8+ Qxd8 29. Qc1 Na6 30. Kf2 Nb8 31. Be2 Nc6 32. Qe1 Na5 33. Qc1 Qd7 34. g4 g6
35. gxf5 Bxf5 36. Qh1 Qd8 37. Bc1 Bc2 38. Qf3 Bxa4 39. e4 Bc6 40. Qe3 Qd4 41.
Bg4 Kf7 42. Qxd4 cxd4 43. f5 Bxe4 44. fxe6+ Ke8 45. Bg5 b3 46. Bd1 b2 47. Ba4+
Nc6 0-1

[Event "World Blitz 2015"]
[Site "Berlin GER"]
[Date "2015.10.13"]
[Round "2.82"]
[White "Lagarde, Maxime"]
[Black "Hilverda, Alexander"]
[Result "1/2-1/2"]
[WhiteTitle "GM"]
[WhiteElo "2550"]
[BlackElo "2384"]
[WhiteFideId "662399"]
[BlackFideId "4695437"]
[EventDate "2015.10.13"]

1. e4 c5 2. Nf3 e6 3. d4 cxd4 4. Nxd4 a6 5. c4 Nf6 6. Nc3 Qc7 7. a3 d6 8. Be2
Be7 9. O-O Nbd7 10. Be3 b6 11. Rc1 Bb7 12. f3 Rc8 13. Kh1 O-O 14. Qd2 Qb8 15.
Rfd1 Rfe8 16. Bf1 Ne5 17. b3 Ng6 18. Na4 Nd7 19. b4 h5 20. Bf2 Qc7 21. Ne2 Qd8
22. Bg3 Bg5 23. f4 Be7 24. f5 exf5 25. exf5 Nge5 26. Nf4 h4 27. Bf2 Ng4 28. Bg1
Bc6 29. Nc3 Bg5 30. h3 Ngf6 31. Bh2 Nh5 32. Qf2 Ng3+ 33. Bxg3 hxg3 34. Qxg3 Bh4
35. Qg4 Ne5 36. Qh5 Qf6 37. Ncd5 Qg5 38. Qxg5 Bxg5 39. Rc2 Ba4 40. Rdc1 Bxc2 41.
Rxc2 b5 42. g3 Nxc4 43. Bd3 Re1+ 44. Kh2 Rce8 45. h4 Bxf4 46. Nxf4 Nxa3 47. Rc6
Rd1 48. Rxa6 Rd2+ 49. Kh3 Nc2 50. Bxb5 Rb8 51. Bc4 Nxb4 52. Ra7 Rf8 53. Ng6 Nc6
54. Rc7 Ne5 55. Nxf8 Nxc4 56. Nd7 Ne3 57. Rc8+ Kh7 58. Nf8+ Kh6 59. Ne6 Nxf5 60.
Nf4 g5 61. hxg5+ Kxg5 62. Rg8+ Kf6 63. Nh5+ Ke7 64. Ra8 Rd3 65. Kg4 Nd4 66. Nf4
Rb3 67. Ra7+ Kf6 68. Nd5+ Ke6 69. Nf4+ Kf6 70. Rd7 Ne6 71. Rxd6 Ke7 72. Ra6 Nxf4
73. gxf4 Rb5 1/2-1/2

[Event "World Blitz 2015"]
[Site "Berlin GER"]
[Date "2015.10.13"]
[Round "2.83"]
[White "Tari, Aryan"]
[Black "Lagno, Kateryna"]
[Result "0-1"]
[WhiteTitle "IM"]
[BlackTitle "GM"]
[WhiteElo "2521"]
[BlackElo "2523"]
[WhiteFideId "1510045"]
[BlackFideId "14109336"]
[EventDate "2015.10.13"]

1. c4 g6 2. d4 Nf6 3. Nc3 d5 4. Nf3 Bg7 5. cxd5 Nxd5 6. Na4 O-O 7. e4 Nb6 8. Be3
Bg4 9. Nc5 Qc8 10. Qb3 Bxf3 11. gxf3 Nc6 12. Rd1 e5 13. dxe5 Nxe5 14. Be2 Qh3
15. f4 Nf3+ 16. Bxf3 Qxf3 17. O-O c6 18. Bc1 Qh5 19. Nxb7 Rab8 20. Nd6 Nd7 21.
Qg3 Bxb2 22. Bxb2 Rxb2 23. Nc4 Rb7 24. Nd6 Rb4 25. a3 Ra4 26. e5 Nb6 27. Rfe1
Nd5 28. Ne4 Rxe4 29. Rxe4 Qxd1+ 30. Kg2 Ne7 31. e6 Qd5 32. f3 fxe6 33. Re5 Qd2+
34. Kh3 Qxf4 35. Rxe6 Qf5+ 36. Qg4 Qxf3+ 37. Qxf3 Rxf3+ 38. Kg2 Rf7 0-1

[Event "World Blitz 2015"]
[Site "Berlin GER"]
[Date "2015.10.13"]
[Round "2.84"]
[White "Nielsen, Peter Heine"]
[Black "Carstensen, Jacob"]
[Result "1-0"]
[WhiteTitle "GM"]
[BlackTitle "IM"]
[WhiteElo "2654"]
[BlackElo "2352"]
[WhiteFideId "1400355"]
[BlackFideId "1404180"]
[EventDate "2015.10.13"]

1. e4 c5 2. Nf3 d6 3. d4 Nf6 4. Nc3 cxd4 5. Nxd4 a6 6. h4 Nc6 7. Bg5 e6 8. Qd2
Qb6 9. Nb3 Bd7 10. O-O-O O-O-O 11. f3 Kb8 12. Be3 Qc7 13. Na4 Re8 14. Nb6 d5 15.
Kb1 Bc8 16. exd5 Nxd5 17. Nxd5 exd5 18. Nd4 Nxd4 19. Bxd4 Bf5 20. g4 Bd7 21. Bd3
f6 22. g5 Bc5 23. Bxc5 Qxc5 24. gxf6 gxf6 25. Qf4+ Ka7 26. Qxf6 Rhf8 27. Qg7 Bf5
28. Bxf5 Rxf5 29. Qxh7 Rxf3 30. h5 Re2 31. Rhe1 Qd4 32. c3 Rxe1 33. Rxe1 Qd2 34.
Rc1 Rf2 35. Qc2 Qf4 36. Qd3 Rd2 37. Qf1 Qh2 38. Qg1+ Qxg1 39. Rxg1 Rh2 40. Rg5
Kb6 41. Rxd5 Kc6 42. Rg5 b6 43. a4 a5 44. Ka2 Rh4 45. Kb3 Kd6 46. Rg6+ Kc5 47.
h6 Rh5 48. Kc2 Rh4 49. b3 Rh2+ 50. Kd3 Rh3+ 51. Ke4 Rxc3 52. Rg5+ Kc6 53. Rh5 1-0

[Event "World Blitz 2015"]
[Site "Berlin GER"]
[Date "2015.10.13"]
[Round "2.85"]
[White "Papin, Vasily"]
[Black "Wendt, Jan-Dietrich"]
[Result "1-0"]
[WhiteTitle "GM"]
[BlackTitle "FM"]
[WhiteElo "2502"]
[BlackElo "2332"]
[WhiteFideId "4143183"]
[BlackFideId "4623797"]
[EventDate "2015.10.13"]

1. c4 Nf6 2. g3 g6 3. Bg2 Bg7 4. Nc3 O-O 5. d4 c6 6. e4 d6 7. Nge2 Nbd7 8. O-O
e5 9. h3 Re8 10. Be3 exd4 11. Nxd4 Nc5 12. Qc2 a5 13. Rad1 Qe7 14. Rfe1 a4 15.
Bf4 Rd8 16. b4 axb3 17. axb3 Ne6 18. Nf5 gxf5 19. exf5 Qf8 20. fxe6 fxe6 21. Na4
e5 22. Bg5 Be6 23. c5 Qf7 24. Rb1 Bd5 25. cxd6 Bxg2 26. Kxg2 Qd5+ 27. Kg1 Qxd6
28. Nb6 Rab8 29. Nc4 Qc7 30. Nxe5 Rf8 31. Rbd1 Kh8 32. Qc4 Nd5 33. Rxd5 Qb6 34.
Rd2 Rbe8 35. Nf7+ 1-0

[Event "World Blitz 2015"]
[Site "Berlin GER"]
[Date "2015.10.13"]
[Round "2.86"]
[White "Ben Artzi, Ido"]
[Black "Bindrich, Falko"]
[Result "0-1"]
[WhiteTitle "IM"]
[BlackTitle "GM"]
[WhiteElo "2419"]
[BlackElo "2594"]
[WhiteFideId "2810913"]
[BlackFideId "4676670"]
[EventDate "2015.10.13"]

1. d4 Nf6 2. c4 e6 3. Nc3 Bb4 4. e3 O-O 5. Bd3 b6 6. Nf3 Bb7 7. O-O Bxc3 8. bxc3
Ne4 9. Ne1 f5 10. f3 Nf6 11. a4 d6 12. a5 Nbd7 13. a6 Bc8 14. d5 Nc5 15. Bc2
Bxa6 16. dxe6 Bxc4 17. Bxf5 Bxf1 18. Kxf1 Qe7 19. Nd3 Nxe6 20. Qb3 d5 21. Nb4
Nc5 22. Qa2 Kh8 23. c4 dxc4 24. Qxc4 Qf7 25. Qc2 Qb3 26. Rb1 Qxc2 27. Bxc2 a5
28. Nc6 Nfe4 29. Ke1 Nd6 30. Ba3 Ndb7 31. e4 Rf6 32. Nd4 Rd8 33. Nb5 c6 34. Nc3
b5 35. e5 0-1

[Event "World Blitz 2015"]
[Site "Berlin GER"]
[Date "2015.10.13"]
[Round "2.87"]
[White "Bluebaum, Matthias"]
[Black "Camacho Collados, Jose"]
[Result "1-0"]
[WhiteTitle "GM"]
[BlackTitle "IM"]
[WhiteElo "2588"]
[BlackElo "2383"]
[WhiteFideId "24651516"]
[BlackFideId "2265427"]
[EventDate "2015.10.13"]

1. d4 Nf6 2. c4 e6 3. g3 Bb4+ 4. Nd2 O-O 5. Bg2 d5 6. Nf3 b6 7. O-O Bb7 8. a3
Be7 9. cxd5 exd5 10. b4 c5 11. bxc5 bxc5 12. Rb1 Ba6 13. dxc5 Bxc5 14. Nb3 Bd6
15. Nbd4 Re8 16. Re1 Qd7 17. Bb2 Ne4 18. Nh4 Bc5 19. e3 Nc6 20. Qa4 Bb7 21. Rbc1
Bxd4 22. Bxd4 Rad8 23. Ba1 d4 24. exd4 Nxd4 25. Qxd7 Rxd7 26. Bxd4 Rxd4 27. Nf5
Rdd8 28. Rc7 Bd5 29. Ne7+ Kf8 30. Bxe4 Bxe4 31. Rxe4 Rd1+ 32. Kg2 f5 33. Re5 g6
34. Rxa7 Rd3 35. Nc6 Rc8 36. Nb4 Rd2 37. Ree7 f4 38. Rf7+ Kg8 39. Rxf4 Re8 40.
h4 h6 41. Rf6 Ree2 42. Rxg6+ Kf8 43. Rf6+ Ke8 44. Nc6 h5 45. a4 Ra2 46. a5 Ra3
47. a6 Rxf2+ 48. Rxf2 Rxg3+ 49. Kh1 Rg1+ 50. Kh2 Rh1+ 51. Kg3 Rh3+ 52. Kf4 Rxh4+ 1-0

[Event "World Blitz 2015"]
[Site "Berlin GER"]
[Date "2015.10.13"]
[Round "2.88"]
[White "Khismatullin, Denis"]
[Black "Kulon, Klaudia"]
[Result "1-0"]
[WhiteTitle "GM"]
[BlackTitle "WGM"]
[WhiteElo "2651"]
[BlackElo "2324"]
[WhiteFideId "4142578"]
[BlackFideId "1131044"]
[EventDate "2015.10.13"]

1. d4 d5 2. c4 e6 3. Nf3 c6 4. Nbd2 f5 5. g3 Nf6 6. Bg2 Bd6 7. Ne5 O-O 8. O-O b6
9. Nd3 Bb7 10. b4 a5 11. bxa5 Rxa5 12. Qb3 Ra7 13. Bb2 Nbd7 14. Rfc1 Ne4 15. Nf3
Ba6 16. cxd5 cxd5 17. a4 Bc4 18. Rxc4 dxc4 19. Qxc4 Qe7 20. d5 Rc7 21. Qa2 exd5
22. Qxd5+ Kh8 23. Nd4 Qf7 24. Ne6 Nef6 25. Qxf5 Rfc8 26. Nxc7 Rxc7 27. h4 Kg8
28. Nf4 Rc5 29. Qe6 Bxf4 30. Qxf7+ Kxf7 31. gxf4 Rc2 32. Bxf6 Nxf6 33. Bf3 Ke6
34. Rb1 Nd7 35. Bg4+ Ke7 36. Bxd7 Kxd7 37. Rxb6 Rxe2 38. Rb7+ Ke6 39. Rxg7 Kf5
40. Rxh7 Kxf4 41. Kg2 Ra2 42. Ra7 Kg4 43. a5 Kxh4 44. a6 Kg5 45. Ra8 Kg6 46. Kg3
Ra4 47. f4 Kg7 48. Kg4 Ra5 49. a7 Kh7 50. f5 Kg7 51. f6+ Kh7 52. f7 1-0

[Event "World Blitz 2015"]
[Site "Berlin GER"]
[Date "2015.10.13"]
[Round "2.89"]
[White "Milanovic, Danilo"]
[Black "Vogel, Roven"]
[Result "1-0"]
[WhiteTitle "GM"]
[WhiteElo "2469"]
[BlackElo "2417"]
[WhiteFideId "915483"]
[BlackFideId "12908088"]
[EventDate "2015.10.13"]

1. d4 Nf6 2. c4 e6 3. Nc3 Bb4 4. e3 O-O 5. Bd3 c5 6. Ne2 cxd4 7. exd4 d5 8. cxd5
Nxd5 9. O-O Nc6 10. Qc2 g6 11. Bh6 Re8 12. Rad1 Bf8 13. Qc1 Bd7 14. Bxf8 Rxf8
15. Qh6 Qf6 16. Be4 Nxc3 17. bxc3 Na5 18. Ng3 Qg7 19. Qg5 f5 20. Bf3 Rac8 21.
Ne2 Bb5 22. Rfe1 Rfe8 23. Nf4 Bc4 24. Re5 Nc6 25. Bxc6 Rxc6 26. Rde1 Bxa2 27. h4
Qe7 28. Qg3 Rcc8 29. d5 Qf6 30. dxe6 Rc4 31. Nd5 Qd8 32. Rxf5 Qxh4 33. Nf6+ Kh8
34. Nxe8 Qxg3 35. Rf8# 1-0

[Event "World Blitz 2015"]
[Site "Berlin GER"]
[Date "2015.10.13"]
[Round "2.90"]
[White "Bruedigam, Martin"]
[Black "Swiercz, Dariusz"]
[Result "0-1"]
[WhiteTitle "FM"]
[BlackTitle "GM"]
[WhiteElo "2375"]
[BlackElo "2620"]
[WhiteFideId "24608033"]
[BlackFideId "1126881"]
[EventDate "2015.10.13"]

1. e4 c6 2. d4 d5 3. Nd2 dxe4 4. Nxe4 Nd7 5. Ng5 Ngf6 6. Bd3 e6 7. N1f3 Bd6 8.
Qe2 h6 9. Ne4 Nxe4 10. Qxe4 Qc7 11. Bd2 b6 12. Qg4 Kf8 13. O-O-O Bb7 14. Rhe1 c5
15. dxc5 Nxc5 16. Bc3 f5 17. Qh4 Bxf3 18. gxf3 Rd8 19. Kb1 Be7 20. Qc4 Rc8 21.
Rg1 Bf6 22. Bxf6 gxf6 23. Rg6 Qf7 24. Rdg1 Rd8 25. Qh4 Nd7 26. Rxh6 Rxh6 27.
Qxh6+ Ke8 28. Qh8+ Nf8 29. Bb5+ Ke7 30. Re1 Ng6 31. Qh6 Ne5 32. Qf4 Qg7 33. a4
Rd6 34. Qb4 Nf7 35. a5 Qg2 36. Rf1 Qxf3 37. axb6 axb6 38. Qa4 Rd1+ 39. Rxd1
Qxd1+ 40. Ka2 Qd5+ 41. c4 Qd6 42. Qa7+ Kf8 43. Qd7 Qxd7 44. Bxd7 Ke7 45. Bc6 Ne5
46. Bb5 Ng4 47. f4 Nxh2 48. b4 Kd6 49. Kb3 Ng4 50. Kc3 Ne3 51. Kd4 Ng2 52. c5+
bxc5+ 53. bxc5+ Ke7 54. c6 Kd6 55. Bc4 Nxf4 56. Ke3 e5 0-1

[Event "World Blitz 2015"]
[Site "Berlin GER"]
[Date "2015.10.13"]
[Round "2.91"]
[White "Maze, Sebastien"]
[Black "Thornton, Giovanni Antonio"]
[Result "1-0"]
[WhiteTitle "GM"]
[WhiteElo "2582"]
[BlackElo "2207"]
[WhiteFideId "613762"]
[BlackFideId "4300963"]
[EventDate "2015.10.13"]

1. e4 e6 2. d3 d5 3. Nd2 Nf6 4. Ngf3 Bc5 5. Be2 Nc6 6. O-O O-O 7. c3 dxe4 8.
dxe4 e5 9. Qc2 a5 10. Nc4 Re8 11. Ne3 a4 12. Bb5 a3 13. b4 Bd6 14. Rd1 Qe7 15.
h3 Bd7 16. Bc4 b5 17. Bb3 Nd8 18. Nf5 Bxf5 19. exf5 h6 20. Be3 e4 21. Nd4 Qe5
22. g3 Nb7 23. Bf4 Qe7 24. Be3 h5 25. Nxb5 h4 26. Nxd6 Nxd6 27. g4 Nh7 28. Qd2
Kf8 29. c4 f6 30. c5 Nf7 31. Qd7 Nfg5 32. Qxe7+ Rxe7 33. Kg2 c6 34. Rd6 Rb8 35.
Rxc6 Rxb4 36. Rc8+ Re8 37. Rxe8+ Kxe8 38. Rd1 Nf8 39. c6 Rb8 40. c7 Rc8 41. Bb6
Nf7 42. Bxf7+ Kxf7 43. Rd8 1-0

[Event "World Blitz 2015"]
[Site "Berlin GER"]
[Date "2015.10.13"]
[Round "2.92"]
[White "Choukri, Adel"]
[Black "Sethuraman, S.P."]
[Result "0-1"]
[WhiteTitle "CM"]
[BlackTitle "GM"]
[WhiteElo "2199"]
[BlackElo "2640"]
[WhiteFideId "9000399"]
[BlackFideId "5021596"]
[EventDate "2015.10.13"]

1. e4 g6 2. c4 Bg7 3. d4 c5 4. d5 d6 5. Nc3 e5 6. dxe6 Bxe6 7. Nf3 Nc6 8. Be2
Nf6 9. O-O O-O 10. Bf4 Ne8 11. Qd2 Nd4 12. Nxd4 Bxd4 13. Rad1 a6 14. Bh6 Ng7 15.
b3 Re8 16. Nd5 Bxd5 17. exd5 Nf5 18. Bf4 Be5 19. Bg5 Bf6 20. Bf4 Qd7 21. Bg4 Be5
22. Rfe1 h5 23. Bh3 Bxf4 24. Qxf4 Rxe1+ 25. Rxe1 Re8 26. Re4 Rxe4 27. Qxe4 Kg7
28. Bxf5 gxf5 29. Qe3 Kg6 30. h4 Qd8 31. Qg3+ Kh7 32. Qf4 Qf6 33. g3 Kg6 34. Kh2
Qe7 35. Qd2 f6 36. Qf4 Qe2 37. Kg2 Qe7 38. Kh2 b5 39. cxb5 axb5 40. a4 bxa4 41.
bxa4 Qc7 42. Kh3 c4 43. a5 c3 44. Qc1 Qxa5 45. Qc2 Qc5 46. f3 Qd4 47. Qe2 Qe5
48. Qc4 Qe1 49. Kg2 Qd2+ 50. Kh3 c2 51. Qc8 Qxd5 52. Qxc2 Qxf3 53. Qc1 d5 54.
Kh2 Qe2+ 55. Kh3 Qe8 56. Qc5 Qe4 57. Kh2 f4 58. gxf4 Qxf4+ 59. Kg2 Qg4+ 60. Kf1
Qxh4 61. Qxd5 Qf4+ 62. Ke1 Qe5+ 63. Qxe5 fxe5 0-1

[Event "World Blitz 2015"]
[Site "Berlin GER"]
[Date "2015.10.13"]
[Round "2.93"]
[White "Heimann, Andreas"]
[Black "Zepeda, Lorena"]
[Result "1-0"]
[WhiteTitle "IM"]
[BlackTitle "WIM"]
[WhiteElo "2546"]
[BlackElo "2106"]
[WhiteFideId "24624632"]
[BlackFideId "6700233"]
[EventDate "2015.10.13"]

1. e4 c5 2. Nf3 d6 3. d4 cxd4 4. Nxd4 Nf6 5. f3 a6 6. c4 e6 7. Nc3 Be7 8. Be2
O-O 9. Be3 b6 10. O-O Bb7 11. Qd2 Nbd7 12. Rfd1 Qc7 13. Rac1 Rac8 14. b4 Rfe8
15. a3 Qb8 16. Nb3 Qa8 17. Bf1 Bf8 18. Na4 d5 19. exd5 exd5 20. Nxb6 Nxb6 21.
Bxb6 dxc4 22. Rxc4 Rxc4 23. Bxc4 Qc8 24. Nc5 Qc6 25. Ba7 Ra8 26. Nxb7 Rxa7 27.
Na5 Qb6+ 28. Qd4 Qxd4+ 29. Rxd4 g6 30. Rd8 Kg7 31. Rb8 Bd6 32. Rb7 Rxb7 33. Nxb7
Be5 34. Bxa6 Nd5 35. Bc4 Nb6 36. Bb3 Bc3 37. b5 f5 38. a4 Kf6 39. a5 Nc8 40. Kf2
Ke7 41. Ke3 Nd6 42. Nxd6 Kxd6 43. a6 Kc7 44. Bg8 h6 45. Bh7 g5 46. Bxf5 Be5 47.
g3 Kb6 48. Bd3 Bd6 49. Ke4 h5 50. Kf5 Be7 51. Ke6 Bd8 52. f4 gxf4 53. gxf4 Bc7
54. f5 Bxh2 55. f6 Bg1 56. Ke7 Bc5+ 57. Ke8 h4 58. f7 h3 59. f8=Q Bxf8 60. Kxf8
Ka7 61. Ke7 h2 62. Be4 Kb6 63. Bh1 1-0

[Event "World Blitz 2015"]
[Site "Berlin GER"]
[Date "2015.10.13"]
[Round "2.94"]
[White "Koehler, Gerhard2"]
[Black "Lagunow, Raphael"]
[Result "0-1"]
[WhiteElo "2173"]
[BlackElo "2164"]
[WhiteFideId "12909700"]
[BlackFideId "24652644"]
[EventDate "2015.10.13"]

1. c4 e5 2. Nc3 Nc6 3. g3 g6 4. Bg2 Bg7 5. e3 d6 6. Nge2 f5 7. d3 Nf6 8. O-O O-O
9. Rb1 Be6 10. Nd5 Rb8 11. b4 Ne7 12. Nxf6+ Bxf6 13. Qc2 d5 14. c5 g5 15. d4 e4
16. a4 Ng6 17. f4 exf3 18. Bxf3 Qd7 19. Bg2 Rbe8 20. b5 f4 21. e4 dxe4 22. Bxe4
Bxd4+ 23. Nxd4 Qxd4+ 24. Kh1 Bc4 25. Bxg6 Bd5+ 0-1

[Event "World Blitz 2015"]
[Site "Berlin GER"]
[Date "2015.10.13"]
[Round "3.10"]
[White "Melkumyan, Hrant"]
[Black "Perunovic, Milos"]
[Result "0-1"]
[WhiteTitle "GM"]
[BlackTitle "GM"]
[WhiteElo "2622"]
[BlackElo "2622"]
[WhiteFideId "13302485"]
[BlackFideId "921629"]
[EventDate "2015.10.13"]

1. d4 Nf6 2. Nf3 e6 3. c4 c5 4. g3 cxd4 5. Nxd4 d5 6. Bg2 e5 7. Nf3 d4 8. O-O
Nc6 9. e3 Be7 10. exd4 exd4 11. a3 a5 12. Bf4 O-O 13. Ne5 Qb6 14. Re1 Be6 15.
Nd2 Rfd8 16. Nd3 a4 17. Rc1 h6 18. c5 Qb5 19. Ne4 Nd5 20. Bd6 Qa6 21. Bxe7 Ndxe7
22. Nd6 Nf5 23. Ne4 Na5 24. Nb4 Qb5 25. g4 Nh4 26. Nd6 Qd7 27. h3 Nxg2 28. Kxg2
Nb3 29. Rc2 Nxc5 30. Nxf7 Qxf7 31. Rxc5 Rd6 32. Qf3 Qd7 33. Rce5 Rf8 34. Qe4 Qf7
35. Rxe6 Qxf2+ 36. Kh1 Qg3 37. Qg2 Qh4 38. Nd3 Rdd8 39. R6e5 Rc8 40. Rh5 Qf6 41.
Rf5 Qh4 42. Rxf8+ Rxf8 43. Rf1 Re8 44. Qd5+ Kh8 45. Nf4 Qg3 46. Qf3 Qxf3+ 47.
Rxf3 Re1+ 48. Kg2 Rb1 49. Nd3 Rd1 50. h4 Rd2+ 51. Kg3 g6 52. Kf4 Re2 53. g5
hxg5+ 54. Kxg5 Kg7 55. Rf2 Re3 56. Nf4 Rg3# 0-1

[Event "World Blitz 2015"]
[Site "Berlin GER"]
[Date "2015.10.13"]
[Round "3.11"]
[White "Iturrizaga Bonelli, Eduardo"]
[Black "Socko, Bartosz"]
[Result "0-1"]
[WhiteTitle "GM"]
[BlackTitle "GM"]
[WhiteElo "2641"]
[BlackElo "2599"]
[WhiteFideId "3901211"]
[BlackFideId "1107038"]
[EventDate "2015.10.13"]

1. Nf3 Nf6 2. c4 e6 3. Nc3 Bb4 4. Qc2 O-O 5. a3 Bxc3 6. Qxc3 b6 7. e3 Bb7 8. Be2
c5 9. b4 d6 10. Bb2 Nbd7 11. O-O Qe7 12. d4 Ne4 13. Qd3 f5 14. Rfd1 Rad8 15. Ne1
Qh4 16. g3 Qh6 17. f3 Nf2 18. Qc3 Nxd1 19. Rxd1 Nf6 20. Ng2 cxd4 21. Rxd4 e5 22.
Rd1 Qh3 23. Qb3 Ng4 24. Kf1 0-1